[Event "SVK-chT3B2 2324"]
[Site "Slovakia"]
[Date "2023.12.10"]
[Round "5.7"]
[White "Kiaba, Jakub"]
[Black "Kucera, Peter"]
[Result "0-1"]
[WhiteElo "1480"]
[BlackElo "1427"]
[PlyCount "48"]
[EventDate "2023.10.15"]
[EventType "team-tourn"]
[EventRounds "11"]
[EventCountry "SVK"]
[SourceTitle "EXT 2025"]
[Source "ChessBase"]
[SourceDate "2024.10.14"]
[SourceVersion "1"]
[SourceVersionDate "2024.10.14"]
[SourceQuality "1"]
[WhiteTeam "Prievidza III"]
[BlackTeam "Belusa"]
[WhiteTeamCountry "SVK"]
[BlackTeamCountry "SVK"]

1. e4 e5 2. Nc3 Nc6 3. Bc4 Nf6 4. d3 h6 5. f4 Bb4 6. Nf3 d6 7. f5 d5 8. Bb5 0-0 9. Qe2 dxe4 10. dxe4 Nd4 11. Qd3 Bxc3+ 12. bxc3 Nxb5 13. Qxb5 Nxe4 14. Qc4 Bxf5 15. 0-0 Nd6 16. Qe2 Re8 17. Ba3 Bg4 18. h3 Bh5 19. Qe3 e4 20. Nd2 Qd7 21. Rab1 Bg6 22. Rbd1 Qe6 23. g4 f5 24. Bxd6 cxd6 0-1

[Event "SVK-chT3B2 2223"]
[Site "Slovakia"]
[Date "2022.12.04"]
[Round "3.8"]
[White "Kiaba, Jakub"]
[Black "Orvisky, Roman"]
[Result "1-0"]
[WhiteElo "1213"]
[BlackElo "1000"]
[PlyCount "117"]
[EventDate "2022.10.23"]
[EventType "team-tourn"]
[EventRounds "11"]
[EventCountry "SVK"]
[SourceTitle "EXT 2024"]
[Source "ChessBase"]
[SourceDate "2023.10.10"]
[SourceVersion "1"]
[SourceVersionDate "2023.10.10"]
[SourceQuality "1"]
[WhiteTeam "Prievidza II"]
[BlackTeam "Trencin PK"]
[WhiteTeamCountry "SVK"]
[BlackTeamCountry "SVK"]

1. e4 e5 2. Nc3 Bc5 3. Bc4 Qf6 4. Nf3 Ne7 5. d3 h6 6. 0-0 c6 7. Qe2 d6 8. Na4 b5 9. Nxc5 bxc4 10. Na4 cxd3 11. Qxd3 Bd7 12. Nc3 0-0 13. Be3 Ng6 14. Rad1 d5 15. exd5 Nf4 16. Bxf4 exf4 17. dxc6 Nxc6 18. Qxd7 Rad8 19. Qg4 Nd4 20. Nxd4 Rxd4 21. Rxd4 Qxd4 22. Rd1 Re8 23. h3 Qb6 24. b3 Qb4 25. Nd5 Re1+ 26. Rxe1 Qxe1+ 27. Kh2 Qe5 28. Nxf4 Qb2 29. Qc8+ Kh7 30. Qf5+ Kg8 31. Qa5 Qd4 32. Kg3 g5 33. Nd3 Qh4+ 34. Kh2 Kg7 35. g3 Qd4 36. Qe5+ Qxe5 37. Nxe5 Kf6 38. Ng4+ Kg6 39. c4 f5 40. Nxh6 Kf6 41. c5 Ke6 42. c6 Kd6 43. Nxf5+ Kxc6 44. h4 g4 45. h5 Kd5 46. h6 Ke5 47. h7 Kxf5 48. h8Q Ke4 49. Qf6 Kd3 50. Qe5 Kc2 51. Qd4 Kb1 52. Qd2 a5 53. a4 Ka1 54. Kg1 Kb1 55. Kf1 Ka1 56. Ke2 Kb1 57. Kd3 Ka1 58. Kc3 Kb1 59. Qb2# 1-0